000
00329nam a2200145Ia 4500
008
191201s2009 xx 000 0 und d
082
_a
658.8
_b
RAS
100
_a
RAO,K Ramamohana
245
0
_a
Services Marketing
250
_a
3rd IMP
260
_a
N. delhi
_b
pearson
_c
2009
300
_a
358
650
_a
BBA
942
_2
ddc
_c
BK
999
_c
4423
_d
4423